[Event "Tournoi francophone 022B"]
[Site "Skype"]
[Date "????.??.??"]
[Round "1.1"]
[White "Gadow, Martin"]
[Black "Trivedi, Viral"]
[Result "1-0"]
[WhiteElo "1640"]
[BlackElo "1577"]
[PlyCount "45"]

1. d4 e6 2. Nf3 f5 3. Bf4 Nf6 4. e3 d5 5. Ne5 Be7 6. Nd2 O-O 7. c4 c6 8. Be2
Nbd7 9. cxd5 exd5 10. Qc2 Ne4 11. Nxe4 fxe4 12. O-O Nf6 13. f3 Bf5 14. Qb3 exf3
15. Bxf3 Ne4 16. Rad1 g5 17. Bxe4 gxf4 18. Bxf5 Rxf5 19. Rxf4 Rxf4 20. exf4 Qc7
21. Qg3+ Kf8 22. Qg4 Qc8 23. Qh5 1-0

[Event "Tournoi francophone 022B"]
[Site "Skype"]
[Date "????.??.??"]
[Round "1.3"]
[White "Castellanos Gonzalez, Mariano"]
[Black "Nicolini, Francesco"]
[Result "0-1"]
[WhiteElo "1657"]
[BlackElo "1646"]
[PlyCount "84"]

1. d4 Nf6 2. Nf3 e6 3. e3 c5 4. Bd3 Nc6 5. a3 cxd4 6. exd4 d5 7. b3 Bd6 8. Bb2
Bd7 9. O-O Qe7 10. Ne5 O-O 11. Nd2 Ne8 12. Re1 Bc8 13. Qh5 g6 14. Qh6 Qf6 15.
Ng4 Qf4 16. Qxf4 Bxf4 17. Nf3 f5 18. Nge5 Nf6 19. g3 Bxe5 20. Nxe5 Nxe5 21.
dxe5 Nd7 22. c4 Nc5 23. Bc2 dxc4 24. bxc4 b6 25. a4 Ba6 26. a5 Bxc4 27. Ba3
Rfd8 28. Bxc5 bxc5 29. Red1 Rd5 30. f4 a6 31. Rdc1 Rb8 32. Bd1 Rd4 33. Ra4 Bb5
34. Ra3 Rbd8 35. Bf3 c4 36. Rac3 Rd2 37. Bg2 Ra2 38. Bf1 Rdd2 39. Bxc4 Rg2+ 40.
Kf1 Bxc4+ 41. Rxc4 Rxh2 42. Rc7 Rh1# 0-1

[Event "Tournoi francophone 022B"]
[Site "Skype"]
[Date "????.??.??"]
[Round "1.4"]
[White "Guillaume, Mickael"]
[Black "Bourdeau, Yvan"]
[Result "0-1"]
[WhiteElo "1512"]
[BlackElo "1740"]
[PlyCount "126"]

1. d4 d5 2. c4 e6 3. a3 Nf6 4. Nc3 c6 5. e3 Bd6 6. Bd3 Nbd7 7. Nf3 O-O 8. c5
Bc7 9. e4 e5 10. O-O exd4 11. Nxd4 Nxc5 12. Re1 dxe4 13. Nxe4 Qxd4 14. Nxc5
Qxc5 15. Be3 Qh5 16. Qxh5 Nxh5 17. Rad1 Be6 18. Bc5 Rfd8 19. Be7 Rd7 20. Bg5 h6
21. Be3 Rad8 22. Be2 Rxd1 23. Rxd1 Rxd1+ 24. Bxd1 Bb6 25. Bxh5 Bxe3 26. fxe3 g6
27. Bf3 Kg7 28. e4 Kf6 29. Kf2 Ke5 30. Ke3 c5 31. g3 b5 32. b4 c4 33. Bd1 f6
34. a4 a6 35. axb5 axb5 36. Be2 Bh3 37. Bf3 h5 38. Bh1 Bf1 39. Bf3 Bd3 40. Bh1
Bb1 41. Bf3 Bd3 42. Bh1 Bf1 43. Bf3 Bh3 44. Bh1 Bd7 45. Bg2 Bc6 46. Bh3 c3 47.
Kd3 c2 48. Kxc2 Bxe4+ 49. Kd2 f5 50. Bf1 Bc6 51. Kd3 g5 52. Be2 Be8 53. Bf3 f4
54. gxf4+ Kxf4 55. Be2 g4 56. Kd4 h4 57. Kc5 g3 58. Bf1 gxh2 59. Bg2 Kg3 60.
Be4 Kf2 61. Kd5 Kg1 62. Ke6 h1=Q 63. Bxh1 Kxh1 0-1

[Event "Tournoi francophone 022B"]
[Site "Skype"]
[Date "????.??.??"]
[Round "2.1"]
[White "Trivedi, Viral"]
[Black "Pouteau, Pascal"]
[Result "1/2-1/2"]
[WhiteElo "1577"]
[BlackElo "1616"]
[PlyCount "64"]

1. d4 g6 2. Bf4 Bg7 3. e3 d6 4. Be2 Nc6 5. Nf3 Bg4 6. h3 Bxf3 7. Bxf3 Qd7 8. c3
Nf6 9. Qb3 Rb8 10. Nd2 O-O 11. Qa4 d5 12. Qc2 Rfe8 13. Nb3 b6 14. a3 e5 15.
dxe5 Nxe5 16. Be2 Ne4 17. Nd4 c6 18. Rd1 Rbc8 19. Ba6 Rc7 20. Nf3 Nc5 21. Be2
f6 22. O-O Qf7 23. Nxe5 fxe5 24. Bg3 Ne4 25. c4 Bh6 26. Bh2 Nf6 27. Bd3 Rcc8
28. cxd5 cxd5 29. Qb1 e4 30. Ba6 Rcd8 31. Rc1 Re7 32. Rc2 Nd7 1/2-1/2

[Event "Tournoi francophone 022B"]
[Site "Skype"]
[Date "????.??.??"]
[Round "2.2"]
[White "Bourdeau, Yvan"]
[Black "Vello, Pablo"]
[Result "1/2-1/2"]
[WhiteElo "1740"]
[BlackElo "1514"]
[PlyCount "54"]

1. d4 Nf6 2. Bf4 c5 3. e3 cxd4 4. exd4 Qb6 5. Bc1 d5 6. Qd3 Bd7 7. a4 e6 8. a5
Qc7 9. Nf3 Ne4 10. Ne5 Bd6 11. Nxd7 Nxd7 12. g3 O-O 13. Bg2 Nef6 14. O-O Rac8
15. c3 Rfd8 16. f4 Nb8 17. Bd2 Nc6 18. b4 Ne7 19. Na3 a6 20. Nc2 Nf5 21. Ne3
Nxe3 22. Qxe3 Qc4 23. Rfb1 Ng4 24. Qf3 Nf6 25. Bf1 Qc7 26. Rc1 Ne4 27. Be1 Bf8
1/2-1/2

[Event "Tournoi francophone 022B"]
[Site "Skype"]
[Date "????.??.??"]
[Round "2.3"]
[White "Nicolini, Francesco"]
[Black "Guillaume, Mickael"]
[Result "0-1"]
[WhiteElo "1646"]
[BlackElo "1512"]
[PlyCount "68"]

1. e4 e5 2. Nf3 Nc6 3. d4 exd4 4. Bc4 Be7 5. O-O d6 6. c3 dxc3 7. Nxc3 Nf6 8.
Re1 O-O 9. Bd3 Bg4 10. h3 Bh5 11. g4 Bg6 12. Nh4 Bxe4 13. Nxe4 Nxe4 14. Nf5 Nc5
15. Bc2 Bf6 16. Rb1 Ne5 17. b4 Ne6 18. f4 Ng6 19. Qd3 d5 20. g5 Nxg5 21. fxg5
Bxg5 22. Bxg5 Qxg5+ 23. Ng3 Rad8 24. Kh2 Rfe8 25. Rg1 Re3 26. Qf1 Qe5 27. Qf2
Nf4 28. Rgf1 g5 29. Kh1 d4 30. h4 Qd5+ 31. Kh2 gxh4 32. Qxf4 hxg3+ 33. Kg1 Qh5
34. Bb3 Qh2# 0-1

[Event "Tournoi francophone 022B"]
[Site "Skype"]
[Date "????.??.??"]
[Round "2.4"]
[White "Le Brun, Yves"]
[Black "Castellanos Gonzalez, Mariano"]
[Result "1-0"]
[WhiteElo "1601"]
[BlackElo "1657"]
[PlyCount "65"]

1. d4 f5 2. Bg5 Nf6 3. e3 e6 4. h3 d5 5. g4 Be7 6. gxf5 exf5 7. Bd3 Be6 8. Nf3
Ne4 9. Bxe7 Qxe7 10. Rg1 g6 11. a3 Nd7 12. Nbd2 O-O-O 13. Bb5 f4 14. Nxe4 dxe4
15. Bxd7+ Bxd7 16. Ne5 fxe3 17. Nxd7 exf2+ 18. Kxf2 Rxd7 19. Qg4 Rf8+ 20. Ke2
Qf6 21. Raf1 Qa6+ 22. Ke1 Rxf1+ 23. Rxf1 Qa5+ 24. c3 Kd8 25. Rf8+ Ke7 26. Qf4
Qa6 27. Qf7+ Kd6 28. Qf6+ Kd5 29. Qe5+ Kc4 30. Qc5+ Kd3 31. Rf2 Qd6 32. Rd2+
Ke3 33. Qg5+ 1-0

[Event "Tournoi francophone 022B"]
[Site "Skype"]
[Date "????.??.??"]
[Round "2.5"]
[White "Gadow, Martin"]
[Black "Khabou, Taha"]
[Result "1/2-1/2"]
[WhiteElo "1640"]
[BlackElo "1615"]
[PlyCount "97"]

1. d4 e6 2. e4 d5 3. Nd2 dxe4 4. Nxe4 Bd7 5. Nf3 Bc6 6. Ned2 Nf6 7. c3 Nbd7 8.
Be2 Bd6 9. O-O O-O 10. Nc4 Nb6 11. Nxd6 Qxd6 12. Ne5 Nbd5 13. Nxc6 Qxc6 14. Bf3
Qd6 15. Re1 c6 16. c4 Ne7 17. Bg5 Nf5 18. Bxf6 gxf6 19. Re4 Rad8 20. Rg4+ Kh8
21. d5 exd5 22. Qc2 Qe5 23. cxd5 cxd5 24. Qd2 Rfe8 25. Rd1 b6 26. h3 Ne7 27.
Qf4 Qxf4 28. Rxf4 Rd6 29. Be4 Ng6 30. Bxg6 hxg6 31. Rfd4 Red8 32. h4 f5 33. g4
fxg4 34. Rxg4 d4 35. Rd3 Rd5 36. Kg2 Kg7 37. Kf3 Kf6 38. Kf4 a5 39. Rg5 Rxg5
40. hxg5+ Ke6 41. Ke4 Rd5 42. f4 a4 43. Rxd4 Rxd4+ 44. Kxd4 Kf5 45. Ke3 b5 46.
a3 Kg4 47. Ke4 Kg3 48. Ke5 Kg4 49. Ke4 1/2-1/2

[Event "Tournoi francophone 022B"]
[Site "Skype"]
[Date "????.??.??"]
[Round "3.1"]
[White "Khabou, Taha"]
[Black "Trivedi, Viral"]
[Result "0-1"]
[WhiteElo "1615"]
[BlackElo "1577"]
[PlyCount "24"]

1. d4 Nf6 2. Bf4 g6 3. e3 d5 4. Nf3 Bg7 5. h3 O-O 6. Bd3 b6 7. c3 Ne4 8. Nbd2
f5 9. Ne5 e6 10. Ndf3 g5 11. Nxg5 Nxg5 12. Qh5 Ne4 0-1

[Event "Tournoi francophone 022B"]
[Site "Skype"]
[Date "????.??.??"]
[Round "3.3"]
[White "Guillaume, Mickael"]
[Black "Le Brun, Yves"]
[Result "1/2-1/2"]
[WhiteElo "1512"]
[BlackElo "1601"]
[PlyCount "67"]

1. e4 b6 2. Nc3 e6 3. Nf3 Ba6 4. Bxa6 Nxa6 5. O-O c6 6. d4 Nf6 7. a3 Nc7 8. Bf4
h6 9. Ne5 Rc8 10. Qe2 g5 11. Be3 Bg7 12. f4 Nh7 13. Nxf7 Kxf7 14. Qh5+ Kg8 15.
fxg5 Nxg5 16. h4 Qe8 17. Qxe8+ Rxe8 18. hxg5 hxg5 19. Rad1 Bf8 20. Bxg5 Rh5 21.
Bf6 d6 22. Rd3 Bh6 23. Rg3+ Kh7 24. Bg7 Re7 25. Bxh6 Rxh6 26. Rh3 Ne8 27. Rxh6+
Kxh6 28. g3 Kg5 29. e5 dxe5 30. dxe5 Rd7 31. Ne4+ Kg6 32. Nf6 Re7 33. Nxe8 Rxe8
34. Rf2 1/2-1/2

[Event "Tournoi francophone 022B"]
[Site "Skype"]
[Date "????.??.??"]
[Round "3.4"]
[White "Vello, Pablo"]
[Black "Nicolini, Francesco"]
[Result "1/2-1/2"]
[WhiteElo "1514"]
[BlackElo "1646"]
[PlyCount "49"]

1. d4 Nf6 2. Nc3 d6 3. Bf4 g6 4. Qd2 Bg7 5. Bh6 O-O 6. h4 Nbd7 7. h5 Nxh5 8.
Rxh5 Bxh6 9. Rxh6 e5 10. Nf3 f6 11. e4 Qe8 12. Bc4+ Kg7 13. O-O-O Rh8 14. Nd5
Qd8 15. Rdh1 Nf8 16. Nc3 Be6 17. Bxe6 Nxe6 18. g3 c6 19. dxe5 fxe5 20. Qd1 b5
21. R1h2 a5 22. Qh1 Nf8 23. Qd1 Ra7 24. Qd2 Ne6 25. Kb1 1/2-1/2

[Event "Tournoi francophone 022B"]
[Site "Skype"]
[Date "????.??.??"]
[Round "3.5"]
[White "Pouteau, Pascal"]
[Black "Bourdeau, Yvan"]
[Result "1/2-1/2"]
[WhiteElo "1616"]
[BlackElo "1740"]
[PlyCount "45"]

1. d4 Nf6 2. Nf3 d5 3. g3 c6 4. Bg2 Bg4 5. Bg5 Ne4 6. Bf4 Bxf3 7. Bxf3 Qb6 8.
Bc1 e6 9. O-O Nf6 10. Nc3 Nbd7 11. Rb1 Be7 12. Bf4 c5 13. Na4 Qa5 14. b3 O-O
15. Bd2 Qc7 16. c4 cxd4 17. cxd5 Nxd5 18. Bxd5 exd5 19. Bf4 Bd6 20. Rc1 Qb8 21.
Qxd4 Bxf4 22. gxf4 Qd6 23. Rfd1 1/2-1/2

[Event "Tournoi francophone 022B"]
[Site "Skype"]
[Date "????.??.??"]
[Round "4.1"]
[White "Trivedi, Viral"]
[Black "Bourdeau, Yvan"]
[Result "1-0"]
[WhiteElo "1577"]
[BlackElo "1740"]
[PlyCount "75"]

1. d4 Nf6 2. Bf4 d5 3. e3 e6 4. Nd2 c5 5. c3 Nc6 6. Bd3 Be7 7. Ngf3 b6 8. Ne5
Bb7 9. Bb5 Rc8 10. Qa4 O-O 11. Nxc6 Bxc6 12. Bxc6 Bd6 13. Bg3 Qc7 14. Bb5 c4
15. Ba6 Rb8 16. Qb5 Ne8 17. e4 Bxg3 18. hxg3 Nd6 19. Qa4 b5 20. Qc2 Rb6 21. e5
h6 22. exd6 Qxd6 23. Bxb5 Rxb5 24. Nf3 f6 25. Qg6 Rf7 26. Rxh6 Kf8 27. Rh8+ Ke7
28. Rg8 Rxb2 29. Rxg7 Rxg7 30. Qxg7+ Ke8 31. Qxf6 Qa3 32. Qxe6+ Kf8 33. Qh6+
Ke8 34. Qe3+ Kf8 35. Ne5 Rc2 36. Qh6+ Ke8 37. Qg6+ Ke7 38. Qxc2 1-0

[Event "Tournoi francophone 022B"]
[Site "Skype"]
[Date "????.??.??"]
[Round "4.2"]
[White "Nicolini, Francesco"]
[Black "Pouteau, Pascal"]
[Result "1-0"]
[WhiteElo "1646"]
[BlackElo "1616"]
[PlyCount "93"]

1. e4 g6 2. Nf3 Bg7 3. d4 d6 4. c3 Bg4 5. Be2 Nd7 6. h3 Bxf3 7. Bxf3 e5 8. O-O
Ne7 9. d5 O-O 10. Be3 f5 11. exf5 Nxf5 12. c4 Nh4 13. Nd2 Qe7 14. Be4 Nf6 15.
Bg5 Nf5 16. Rc1 Qd7 17. f3 Ng3 18. Rf2 Nfh5 19. Nf1 Nxe4 20. fxe4 Rxf2 21. Kxf2
Rf8+ 22. Ke1 h6 23. Be3 Nf6 24. Ng3 b6 25. Qe2 Qa4 26. b3 Qd7 27. Kd2 a5 28. a4
Ne8 29. Rf1 Nf6 30. Kd3 Rc8 31. h4 Ng4 32. Bd2 c6 33. h5 cxd5 34. cxd5 b5 35.
hxg6 b4 36. Rc1 Rf8 37. Nf5 Nf6 38. g4 h5 39. gxh5 Nxd5 40. h6 Rxf5 41. exf5
Qxf5+ 42. Qe4 Qh3+ 43. Be3 Qxe3+ 44. Qxe3 Nxe3 45. h7+ Kf8 46. Rc8+ Ke7 47.
Kxe3 1-0

[Event "Tournoi francophone 022B"]
[Site "Skype"]
[Date "????.??.??"]
[Round "4.3"]
[White "Le Brun, Yves"]
[Black "Vello, Pablo"]
[Result "1/2-1/2"]
[WhiteElo "1601"]
[BlackElo "1514"]
[PlyCount "47"]

1. d4 Nf6 2. Bf4 e6 3. c3 c5 4. e3 Qb6 5. Qb3 d5 6. Bb5+ Bd7 7. Bxd7+ Nbxd7 8.
Qxb6 Nxb6 9. Nd2 Be7 10. Ne2 O-O 11. b3 cxd4 12. exd4 Nh5 13. Be3 Rfe8 14. g4
Nf6 15. h3 Ba3 16. Rb1 Rac8 17. f3 Bd6 18. Kf2 Rc7 19. Rbc1 Rec8 20. Nb1 a5 21.
a4 Nbd7 22. Rc2 Nf8 23. Bf4 Bxf4 24. Nxf4 1/2-1/2

[Event "Tournoi francophone 022B"]
[Site "Skype"]
[Date "????.??.??"]
[Round "4.4"]
[White "Gadow, Martin"]
[Black "Guillaume, Mickael"]
[Result "0-1"]
[WhiteElo "1640"]
[BlackElo "1512"]
[PlyCount "106"]

1. d4 e6 2. Nf3 Be7 3. Bf4 d5 4. c4 c6 5. e3 Nf6 6. Nc3 Nbd7 7. cxd5 cxd5 8.
Bd3 a6 9. O-O b5 10. Ne5 Nb6 11. Nc6 Qd7 12. Nxe7 Qxe7 13. b3 b4 14. Ne2 Bb7
15. Rc1 Rc8 16. Rxc8+ Nxc8 17. Ng3 O-O 18. Qe2 a5 19. Rc1 Ne8 20. Ba6 Na7 21.
Bxb7 Qxb7 22. Rc5 Qb6 23. e4 Nd6 24. exd5 Re8 25. Qd1 exd5 26. Rxd5 Nab5 27. h3
Nc3 28. Rxd6 Qxd6 29. Bxd6 Nxd1 30. Kf1 Nc3 31. a3 bxa3 32. Bxa3 Rb8 33. Ke1
Rxb3 34. Bc5 a4 35. Kd2 a3 36. Bxa3 Rxa3 37. Nf5 Ne4+ 38. Ke2 Ra2+ 39. Ke3 Nxf2
40. Kf3 Nd1 41. d5 Nc3 42. d6 Rd2 43. Ke3 Rd1 44. g3 Kf8 45. h4 g6 46. Nd4 Ke8
47. Nf3 Rxd6 48. g4 h6 49. Ne5 Re6 50. Kd4 Ke7 51. g5 hxg5 52. hxg5 Ne2+ 53.
Ke4 Kd6 0-1

[Event "Tournoi francophone 022B"]
[Site "Skype"]
[Date "????.??.??"]
[Round "5.2"]
[White "Guillaume, Mickael"]
[Black "Khabou, Taha"]
[Result "0-1"]
[WhiteElo "1512"]
[BlackElo "1615"]
[PlyCount "52"]

1. d4 e6 2. Nf3 d5 3. c4 Nf6 4. Nc3 c5 5. e3 Nc6 6. b3 Be7 7. Ba3 cxd4 8. exd4
Bxa3 9. Na4 Bb4+ 10. Ke2 dxc4 11. a3 Bd6 12. bxc4 O-O 13. c5 Bc7 14. Nc3 Nd5
15. Nb5 a6 16. Qa4 Bd7 17. Ke1 axb5 18. Qb3 Nf6 19. Bxb5 e5 20. dxe5 Nxe5 21.
Be2 Nxf3+ 22. Bxf3 Bc6 23. Rd1 Qe7+ 24. Qe3 Qxe3+ 25. fxe3 Bxf3 26. gxf3 Rxa3
0-1

[Event "Tournoi francophone 022B"]
[Site "Skype"]
[Date "????.??.??"]
[Round "5.3"]
[White "Vello, Pablo"]
[Black "Gadow, Martin"]
[Result "1/2-1/2"]
[WhiteElo "1514"]
[BlackElo "1640"]
[PlyCount "148"]

1. d4 Nf6 2. Nc3 d5 3. Bf4 e6 4. e3 c5 5. Nb5 Na6 6. g4 Be7 7. h4 Ne4 8. g5 Nd6
9. Nxd6+ Bxd6 10. Bxd6 Qxd6 11. dxc5 Nxc5 12. Bb5+ Bd7 13. Bxd7+ Nxd7 14. Nf3
O-O 15. Qd4 e5 16. Qd2 Rac8 17. O-O-O Qc5 18. Ne1 Nb6 19. Nd3 Qe7 20. Qb4 Qc7
21. Qd2 a5 22. h5 Nc4 23. Qc3 d4 24. exd4 exd4 25. Qb3 b5 26. Rh4 a4 27. Qb4
Na3 28. Qc5 Nxc2 29. Kxc2 Qxc5+ 30. Nxc5 Rxc5+ 31. Kb1 Rxg5 32. Rhxd4 h6 33.
Rd5 Rxd5 34. Rxd5 Rb8 35. b3 Kf8 36. b4 Rb6 37. Kc2 g6 38. Kc3 Ke7 39. Kd4 gxh5
40. Rxh5 Kd7 41. Rd5+ Kc7 42. Rf5 Kb7 43. Rxf7+ Kc6 44. Rf5 Kc7 45. Rc5+ Rc6
46. Rxb5 Rc2 47. Rc5+ Rxc5 48. bxc5 h5 49. f4 h4 50. Ke3 h3 51. Kf2 h2 52. Kg2
h1=Q+ 53. Kxh1 Kc6 54. Kg2 Kxc5 55. Kg3 Kd6 56. Kg4 Ke6 57. Kg5 Kf7 58. f5 a3
59. Kf4 Kf6 60. Ke4 Kf7 61. Ke5 Ke7 62. f6+ Kf7 63. Kf5 Kf8 64. Kg6 Kg8 65. Kf5
Kf7 66. Ke5 Kf8 67. Kd4 Ke8 68. Kc3 Kf7 69. Kb3 Kxf6 70. Kxa3 Ke7 71. Kb4 Kd7
72. Kb5 Kc7 73. a4 Kb7 74. a5 Ka7 1/2-1/2

[Event "Tournoi francophone 022B"]
[Site "Skype"]
[Date "????.??.??"]
[Round "5.4"]
[White "Pouteau, Pascal"]
[Black "Le Brun, Yves"]
[Result "1-0"]
[WhiteElo "1616"]
[BlackElo "1601"]
[PlyCount "75"]

1. Nf3 Nf6 2. g3 Nc6 3. Bg2 b6 4. O-O Bb7 5. Nc3 e6 6. d4 Bb4 7. Na4 O-O 8. c3
Bd6 9. b3 b5 10. Nc5 Bxc5 11. dxc5 d5 12. cxd6 Qxd6 13. Qxd6 cxd6 14. Bf4 Nd5
15. Bd2 Rfd8 16. Rab1 Rab8 17. Rfe1 Ba8 18. e4 Nde7 19. Bg5 f6 20. Bf4 e5 21.
Be3 Rd7 22. Bh3 Rc7 23. Rbd1 Rd8 24. Be6+ Kf8 25. Nh4 g6 26. Bh6+ Ke8 27. Bg7
f5 28. exf5 gxf5 29. Bf6 d5 30. Bxf5 Rd6 31. Bxe7 Rxe7 32. f4 exf4 33. Rxe7+
Kxe7 34. Re1+ Kf6 35. gxf4 d4 36. Rd1 Kg7 37. Be4 Rh6 38. Nf5+ 1-0

[Event "Tournoi francophone 022B"]
[Site "Skype"]
[Date "????.??.??"]
[Round "5.5"]
[White "Bourdeau, Yvan"]
[Black "Nicolini, Francesco"]
[Result "1-0"]
[WhiteElo "1740"]
[BlackElo "1646"]
[PlyCount "42"]

1. d4 Nf6 2. Bf4 e6 3. e3 d5 4. Nd2 Bd6 5. Bg3 Bxg3 6. hxg3 h6 7. Bd3 Nbd7 8.
Ngf3 Ng4 9. Nh2 Nxh2 10. Rxh2 e5 11. c3 e4 12. Be2 Qg5 13. Rh5 Qf6 14. Rxd5 c6
15. Rh5 g6 16. Rh4 O-O 17. Nxe4 Qe7 18. Qc2 Kg7 19. O-O-O Nf6 20. Nxf6 Qxf6 21.
Bd3 Qxf2 1-0

[Event "Tournoi francophone 022B"]
[Site "Skype"]
[Date "????.??.??"]
[Round "6.1"]
[White "Trivedi, Viral"]
[Black "Nicolini, Francesco"]
[Result "1-0"]
[WhiteElo "1577"]
[BlackElo "1646"]
[PlyCount "37"]

1. d4 Nf6 2. Bf4 d6 3. e3 e6 4. Nd2 Nc6 5. Ngf3 Be7 6. c3 h6 7. Bd3 a6 8. Bc2
b5 9. Rc1 Bb7 10. Bg3 Nh5 11. Ne4 f5 12. Ned2 a5 13. Nf1 a4 14. d5 Nxg3 15.
Nxg3 Ne5 16. Nxe5 dxe5 17. dxe6 Bxg2 18. Qh5+ g6 19. Qxg6+ 1-0

[Event "Tournoi francophone 022B"]
[Site "Skype"]
[Date "????.??.??"]
[Round "6.2"]
[White "Le Brun, Yves"]
[Black "Bourdeau, Yvan"]
[Result "1/2-1/2"]
[WhiteElo "1601"]
[BlackElo "1740"]
[PlyCount "48"]

1. d4 g6 2. Nf3 Bg7 3. Bf4 d6 4. c3 Nf6 5. h3 O-O 6. e3 Nbd7 7. Be2 c6 8. O-O
Ne4 9. Nbd2 Nxd2 10. Nxd2 e5 11. dxe5 dxe5 12. Bg3 Nb6 13. Qc2 Be6 14. e4 Qe7
15. Nf3 f6 16. b3 Rfd8 17. Rad1 Bf8 18. Ne1 Rxd1 19. Bxd1 Nd7 20. f3 Rd8 21.
Bf2 b6 22. Be3 c5 23. c4 Nb8 24. Nd3 Nc6 1/2-1/2

[Event "Tournoi francophone 022B"]
[Site "Skype"]
[Date "????.??.??"]
[Round "6.3"]
[White "Gadow, Martin"]
[Black "Pouteau, Pascal"]
[Result "1-0"]
[WhiteElo "1640"]
[BlackElo "1616"]
[PlyCount "81"]

1. d4 g6 2. Nf3 Bg7 3. c4 d6 4. Nc3 Nc6 5. e3 Bg4 6. Be2 e6 7. Nd2 Bxe2 8. Nxe2
Nge7 9. O-O O-O 10. Rb1 a5 11. a3 Qd7 12. b4 axb4 13. axb4 Nd8 14. e4 e5 15.
dxe5 Bxe5 16. Bb2 Bxb2 17. Rxb2 Ne6 18. Nf3 Qc6 19. Qc2 Qa6 20. Nc3 Qxc4 21.
Nd5 Qxc2 22. Nxe7+ Kg7 23. Rxc2 c6 24. b5 Rfe8 25. Nxc6 bxc6 26. bxc6 Ra7 27.
g3 Nc7 28. Rd1 Ra3 29. Kg2 Rxe4 30. Rxd6 Ne6 31. c7 g5 32. c8=Q g4 33. Nh4 Ra5
34. Qc3+ Kg8 35. Qf6 Ra8 36. Rxe6 Rxe6 37. Qf5 Kh8 38. Qxg4 Rg8 39. Qd4+ f6 40.
Qd7 Ree8 41. Rc7 1-0

[Event "Tournoi francophone 022B"]
[Site "Skype"]
[Date "????.??.??"]
[Round "6.4"]
[White "Khabou, Taha"]
[Black "Vello, Pablo"]
[Result "0-1"]
[WhiteElo "1615"]
[BlackElo "1514"]
[PlyCount "34"]

1. d4 Nf6 2. Bf4 e6 3. e3 d5 4. Bd3 b6 5. Nf3 Bb7 6. h3 Nbd7 7. Nbd2 Ne4 8. c3
Nxd2 9. Qxd2 Be7 10. O-O O-O 11. a4 Nf6 12. Ne5 Ne4 13. Qe2 Nd6 14. Qh5 g6 15.
Qh6 Nf5 16. Bxf5 exf5 17. Ng4 fxg4 0-1

[Event "Tournoi francophone 022B"]
[Site "Skype"]
[Date "????.??.??"]
[Round "7.1"]
[White "Guillaume, Mickael"]
[Black "Trivedi, Viral"]
[Result "1/2-1/2"]
[WhiteElo "1512"]
[BlackElo "1577"]
[PlyCount "34"]

1. e4 e6 2. Nc3 d5 3. exd5 exd5 4. Nf3 Nc6 5. d4 Bg4 6. Be2 Bb4 7. O-O Nge7 8.
Ne5 Bxe2 9. Qxe2 Nxd4 10. Qd2 Bxc3 11. bxc3 Ndc6 12. Nxc6 bxc6 13. Re1 O-O 14.
Ba3 Re8 15. Qe3 Nf5 16. Qxe8+ Qxe8 17. Rxe8+ Rxe8 1/2-1/2

[Event "Tournoi francophone 022B"]
[Site "Skype"]
[Date "????.??.??"]
[Round "7.5"]
[White "Nicolini, Francesco"]
[Black "Le Brun, Yves"]
[Result "1/2-1/2"]
[WhiteElo "1646"]
[BlackElo "1601"]
[PlyCount "38"]

1. b4 Nf6 2. Bb2 g6 3. Nc3 Bg7 4. e4 O-O 5. d3 d5 6. Rb1 dxe4 7. dxe4 a6 8. Bd3
Nbd7 9. Nf3 b5 10. O-O Rb8 11. Re1 Bb7 12. e5 Bxf3 13. Qxf3 Ne8 14. e6 fxe6 15.
Qh3 Rb6 16. Rxe6 Bd4 17. Re2 Ne5 18. Be4 Nf6 19. Qh4 Neg4 1/2-1/2

[Event "Tournoi francophone 022B"]
[Site "Skype"]
[Date "????.??.??"]
[Round "8.2"]
[White "Gadow, Martin"]
[Black "Nicolini, Francesco"]
[Result "0-1"]
[WhiteElo "1640"]
[BlackElo "1646"]
[PlyCount "80"]

1. d4 Nf6 2. Bf4 d6 3. e3 b6 4. Be2 Bb7 5. Bf3 d5 6. Ne2 e6 7. O-O Bd6 8. Nd2
Nc6 9. a3 Ba6 10. Re1 O-O 11. c4 Ne7 12. Rc1 c6 13. Bg5 Ng6 14. e4 Be7 15. e5
Nd7 16. Bxe7 Nxe7 17. cxd5 cxd5 18. Ng3 Re8 19. Be2 Bb7 20. Bd3 Nf8 21. Nh5
Neg6 22. Re3 Qh4 23. Rc7 Re7 24. Rxe7 Nxe7 25. Ng3 Qxd4 26. Nf3 Qxb2 27. Ng5
Neg6 28. Qf3 f5 29. exf6 Qxf6 30. Qxf6 gxf6 31. Nxe6 Nxe6 32. Rxe6 Kf7 33. Bf5
Re8 34. Rxe8 Kxe8 35. Ne2 Ke7 36. g3 Kd6 37. f4 Nf8 38. Kf1 Ba6 39. Ke1 Bxe2
40. Kxe2 h6 0-1

[Event "Tournoi francophone 022B"]
[Site "Skype"]
[Date "????.??.??"]
[Round "8.3"]
[White "Bourdeau, Yvan"]
[Black "Khabou, Taha"]
[Result "0-1"]
[WhiteElo "1740"]
[BlackElo "1615"]
[PlyCount "78"]

1. c4 e6 2. g3 d5 3. b3 Nf6 4. Nf3 c5 5. Bg2 Nc6 6. O-O Be7 7. d3 O-O 8. Nc3 a6
9. Bb2 b5 10. cxb5 axb5 11. Nxb5 Bb7 12. Ne5 Nb4 13. a3 Nc6 14. Nxc6 Bxc6 15.
Nc3 Qb6 16. Qc2 Rfb8 17. Ra2 Ra7 18. Rfa1 Rab7 19. a4 Qxb3 20. Qxb3 Rxb3 21.
Nd1 Bd6 22. Bxf6 gxf6 23. a5 Rb1 24. Kf1 Rxa1 25. Rxa1 Ra8 26. Nc3 Bc7 27. a6
Be5 28. Ra3 Bxc3 29. Rxc3 Rxa6 30. e4 dxe4 31. Bxe4 Bxe4 32. dxe4 Ra5 33. h3
Kf8 34. f4 Ke7 35. g4 Kd6 36. Rf3 c4 37. Rc3 Kc5 38. Rc1 Kd4 39. e5 fxe5 0-1